000 00366nam a22001577a 4500
003 SGT
020 _a978-93-5152-5578
082 _a614
_bE14R
100 _aREDDY, K.S.NARAYAN
245 _aTHE ESSENTIALS OF FORENSIC MEDICINE AND TOXICOLOGY
250 _a3RD
260 _aNEW DELHI
_bJAYPEE PUB
_c2014
300 _a689
650 _aPHARMACY
942 _2ddc
_cBK
999 _c11191
_d11191